000 00570nam a2200193 a 4500
020 _a0891180370
040 _cDLC
082 0 0 _a582 AME 1984 A033 Or.
245 0 0 _aPhysiological basis of crop growth and development /
260 _aMadison, Wis. :
_bAmerican Society of Agronomy :
_bCrop Science Society of America,
_c1984.
300 _axiii, 341 p. :
_bill. ;
_c24 cm.
650 0 _aCrops
650 0 _aCrops
650 0 _aCrops
700 1 _aTesar, M. B.
710 2 _aAmerican Society of Agronomy.
710 2 _aCrop Science Society of America.
942 _cEK
999 _c12249
_d12249